| 000 | 00306nam a22001097a 4500 | ||
|---|---|---|---|
| 008 | 230621b xxu||||| |||| 00| 0 eng d | ||
| 082 |
_a328.35 _bIPC 1996 |
||
| 245 |
_aInter-Parliamentary Bulletin _b76th Year- 1996- First Half |
||
| 260 |
_bInter-Parliamentary Union _c1996 |
||
| 300 | _a136p | ||
| 942 |
_2ddc _cBK |
||
| 999 |
_c2301 _d2301 |
||